Solid waste management / (Record no. 8473)

MARC details
000 -LEADER
fixed length control field 00622nam a22002052 4500
001 - CONTROL NUMBER
control field 0000013174
005 - DATE AND TIME OF LATEST TRANSACTION
control field 20151217152123.0
008 - FIXED-LENGTH DATA ELEMENTS--GENERAL INFORMATION
fixed length control field 090614s xx 000 0 eng d
020 ## - INTERNATIONAL STANDARD BOOK NUMBER
International Standard Book Number 9054107863 :
040 ## - CATALOGING SOURCE
Original cataloging agency KABU
Transcribing agency KABU
245 10 - TITLE STATEMENT
Title Solid waste management /
Statement of responsibility, etc. edited by Velma I. Grover ...[et al.].
250 ## - EDITION STATEMENT
Edition statement 1st ed.
260 ## - PUBLICATION, DISTRIBUTION, ETC. (IMPRINT)
Place of publication, distribution, etc. Brookfield, Vermont :
Name of publisher, distributor, etc. A. A. Balkema,
Date of publication, distribution, etc. 2000.
300 ## - PHYSICAL DESCRIPTION
Extent xiv, 325 p.
650 #0 - SUBJECT ADDED ENTRY--TOPICAL TERM
Topical term or geographic name as entry element Refuse and refuse disposal.
-- 0000170314
700 1# - ADDED ENTRY--PERSONAL NAME
Personal name Grover, Velma I.
-- 0000170315
852 1# - LOCATION
-- p7150 KES
908 ## - PUT COMMAND PARAMETER (RLIN)
Put command parameter 090614
950 ## - LOCAL HOLDINGS (RLIN)
-- 1
Holdings
Withdrawn status Lost status Source of classification or shelving scheme Not for loan Home library Current library Date acquired Total Checkouts Full call number Barcode Date last seen Date last checked out Price effective from Koha item type Total Renewals
    Library of Congress Classification   Kabarak, Main Campus Kabarak, Main Campus 17/12/2015 1 TD791 .S65 2000 c. 1 17870 27/02/2017 10/02/2017 17/12/2015 General Collection  
    Library of Congress Classification   Kabarak, Main Campus Kabarak, Main Campus 17/12/2015   TD791 .S65 2000 c. 3 015714 17/12/2015   17/12/2015 General Collection  
    Library of Congress Classification   Kabarak, Main Campus Kabarak, Main Campus 17/12/2015 2 TD791 .S65 2000 c. 2 18149 21/11/2019 17/10/2019 17/12/2015 General Collection 1
Designed with assistance from East African Informatics Ltd